Estatísticas para Quiz do Sri Lanka

Clique aqui para jogar o quiz

Estatísticas Gerais

  • Esse quiz foi jogado 326 vezes
  • A pontuação média é 9 de 17

Estatísticas das Respostas

DicaResposta% Correto
País mais próximo do Sri LankaÍndia
92%
O Sri Lanka era colônia deste país
entre 1815 e 1948
Reino Unido
90%
Religião mais comumBudismo
76%
Animal na bandeira do Sri LankaLeão
75%
Cidade mais populosaColombo
70%
Esporte mais popularCríquete
69%
CapitalKotte
59%
Moeda oficialRupia
55%
Nome colonial do Sri LankaCeilão
53%
Baía ao nordeste do Sri LankaBaía de {Bengala}
48%
Línguas oficiaisTâmil
48%
Em 2016, Sri Lanka foi certificado para
estar livre desta doença
Malária
46%
Produto folhoso que constitui 7%
das exportações do Sri Lanka
Chá
41%
Línguas oficiaisCingalês
41%
Significado da palavra "Lanka"Ilha
36%
Maior cidade do centro do Sri LankaKandy
27%
Cadeia de ilhas e águas rasas
conectando o Sri Lanka com o acima
Ponte de {Adão}
22%

Distribuição das Pontuações

Percentil de Números Respondidos

Porcentagem de Pessoas com Cada Pontuação

Sua Pontuação Histórica

Você não jogou esse quiz